000 004720000a22001930004500
003 LK-CoMWRAF
005 20230902074058.0
008 230817t1993 ||||| |||| 00| 0 eng d
020 _a8185944709
040 _aLK-CoMWRAF
_dLK-CoMWRAF
_eLK-CoMWRAF
041 _aeng
082 _a892.78
_bGIB
100 _aGibran, Kahlil
245 _aMirrors of the soul
260 _aIndia (New Delhi) :
_bUBS Publishers,
_c1993
300 _a119p
650 _aSoul
942 _cBK
999 _c1531
_d1531